Largest Cities in Pakistan (By Population) - Statistics

General Stats
  • This quiz has been taken 55 times
  • The average score is 11 of 25
Answer Stats
Pop. City % Correct
16,460,000 Karachi
100%
1,160,000 Islamabad
95%
13,100,000 Lahore
95%
1,890,000 Hyderabad
84%
2,280,000 Rawalpindi
82%
3,540,000 Faisalabad
73%
1,130,000 Quetta
70%
2,060,000 Multan
66%
2,270,000 Peshawar
61%
2,290,000 Gujranwala
55%
720,000 Sialkot
45%
429,000 Gujrat
32%
545,000 Sukkur
32%
870,000 Bahawalpur
30%
466,000 Dera Ghazikhan
30%
549,000 Larkana
25%
713,000 Sargodha
25%
477,000 Rahim Yar Khan
23%
445,000 Jhang
18%
389,000 Kasur
14%
388,000 Mardan
14%
404,000 Okara
11%
444,000 Sahiwal
11%
531,000 Sheikhupura
11%
435,000 Wah
5%
No matching quizzes found
Score Distribution
Percent of People with Each Score
Percentile by Number Answered
Your Score History
You have not taken this quiz